Silver jubilee souvenir. (Record no. 84935)

MARC details
000 -LEADER
fixed length control field 00674cam a22002411 4500
001 - CONTROL NUMBER
control field sa 68013088
003 - CONTROL NUMBER IDENTIFIER
control field DLC
005 - DATE AND TIME OF LATEST TRANSACTION
control field 20260227112619.0
008 - FIXED-LENGTH DATA ELEMENTS--GENERAL INFORMATION
fixed length control field 711115s1967 ii abc 000 0 eng
010 ## - LIBRARY OF CONGRESS CONTROL NUMBER
LC control number sa 68013088
025 ## - OVERSEAS ACQUISITION NUMBER
Overseas acquisition number PL480:I-E-10134
040 ## - CATALOGING SOURCE
Original cataloging agency DLC
Transcribing agency DLC
Modifying agency DLC
043 ## - GEOGRAPHIC AREA CODE
Geographic area code a-ii---
050 00 - LIBRARY OF CONGRESS CALL NUMBER
Classification number HD9116.I4
Item number D4
082 00 - DEWEY DECIMAL CLASSIFICATION NUMBER
Classification number 338.1/7/3610954742
110 2# - MAIN ENTRY--CORPORATE NAME
Corporate name or jurisdiction name as entry element Deccan Sugar Factories Association.
245 10 - TITLE STATEMENT
Title Silver jubilee souvenir.
260 ## - PUBLICATION, DISTRIBUTION, ETC.
Place of publication, distribution, etc. [Bombay,
Date of publication, distribution, etc. 1967]
300 ## - PHYSICAL DESCRIPTION
Extent 164, xvi p.
Other physical details illus. (part col.), maps, ports.
Dimensions 25 cm.
500 ## - GENERAL NOTE
General note Cover-title.
650 #0 - SUBJECT ADDED ENTRY--TOPICAL TERM
Topical term or geographic name entry element Sugar trade
Geographic subdivision India.
650 #0 - SUBJECT ADDED ENTRY--TOPICAL TERM
Topical term or geographic name entry element Sugar
General subdivision Manufacture and refining
Geographic subdivision India.

No items available.

Powered by Koha